Pokémon - Les attaques de Mangriff - Statistiques

Statistiques générales
  • Ce quiz a été pris 17 fois
  • Le résultat moyen est 10 sur 16
Statistiques - réponses
Niveaux Types Noms des attaques % Correct
Niveau 50 Combat Close Combat
100%
Départ Normal Griffe
100%
Niveau 19 Normal Tranche
90%
Niveau 26 Normal Éclate Griffe
80%
Niveau 40 Insecte Plaie-Croix
80%
Départ Normal Groz'Yeux
70%
Niveau 43 Ténèbres Provoc
70%
Niveau 5 Normal Vive-Attaque
70%
Niveau 8 Insecte Taillade
60%
Niveau 15 Ténèbres Aiguisage
50%
Niveau 47 Normal Danse-Lames
50%
Niveau 12 Ténèbres Poursuite
50%
Niveau 22 Combat Vendetta
50%
Niveau 33 Ténèbres Embargo
40%
Niveau 29 Normal Faux-Chage
40%
Niveau 36 Combat Détection
30%
Aucun quiz correspondant
Distribution des résultats
% des personnes avec chaque résultat
Percentile par nombre de réponses
Votre historique - résultats
Vous n’avez pas pris ce quiz